Video Games That Start With B - Statistics

General Stats
  • This quiz has been taken 93 times
  • The average score is 8 of 18
Answer Stats
Hint Game % Correct
The Dark Knight's archnemesis has taken control over an island full of imprisoned villains and plans to make an army of giant henchmen. Batman: Arkham Asylum
88%
After a plane crash, a man tries to escape the underwater city Rapture. BioShock
84%
When a student transfers to a school with a huge bullying problem, he vows to bring peace to the academy. Bully
84%
Play as a bear and a bird as you try to stop a witch from stealing the good looks of the bear's sister. Banjo-Kazooie
69%
It's World War II, and you have the option to fight in the Pacific, European, North African, Eastern, or Italian Theaters. Battlefield 1942
62%
Swap one gem with another adjacent gem of the same color to clear lines and earn points. Bejeweled
59%
After awakening from a 500-year sleep, a witch who can shapeshift and attack with her hair tries to regain her memory. Bayonetta
45%
Use your Nintendo DS to fight your way through mathematical questions and Sudoku puzzles. Brain Age: Train Your Brain in Minutes a Day!
45%
Mega corporations locate advanced weapons technology on the planet Pandora, but will have to deal with fighting dangerous alien monsters. Borderlands
42%
Tired of all the traffic at rush hour? Why not just crash your car into a bunch of other cars just to see explosions happen? Burnout Revenge
42%
In this game, you have balloons attached to your helmet, and you could either dodge obstacles or defeat enemies by popping their balloons. Balloon Fight
36%
After his mother receives a message from God demanding the life of her son, a young boy flees into the monster-filled basement of their home, where he must fight to survive. The Binding of Isaac
35%
It's like Dungeons and Dragons, but on the computer! Baldur's Gate
34%
As a commando in the 1980s, your mission is to rescue a fellow member who was captured by the enemy. Use your bionic arm to grapple stuff because you can't jump. Bionic Commando
28%
Robot must find his way out of different rooms by blowing up parts of the floor to look for doors. Bomberman
24%
A hunter has to locate and terminate the source of a plague that has afflicted a city's inhabitants that turns them into monsters. Bloodborne
14%
Test your puzzle skills with this brainy game on the Nintendo DS. Big Brain Academy
11%
In a world kept in balance by four elemental crystals, a young girl must awaken the crystals after they are consumed by darkness. Bravely Default
3%
No matching quizzes found
Score Distribution
Percent of People with Each Score
Percentile by Number Answered
Your Score History
You have not taken this quiz